[Event "Helsingor Xtracon op"]
[Site "Helsingor"]
[Date "2018.07.29"]
[Round "10"]
[White "Johansen, Oivind"]
[Black "Christensen, Jacob Foged"]
[Result "0-1"]
[WhiteElo "2105"]
[BlackElo "1916"]
[PlyCount "66"]
[EventDate "2018.07.21"]
[EventType "swiss"]
[EventRounds "10"]
[EventCountry "DEN"]
[SourceTitle "CBM 185 Extra"]
[Source "ChessBase"]
[SourceDate "2018.07.29"]
[SourceVersion "1"]
[SourceVersionDate "2018.07.29"]
[SourceQuality "1"]

1. d4 Nf6 2. c4 g6 3. g3 Bg7 4. Bg2 0-0 5. Nf3 d6 6. 0-0 Nbd7 7. Nc3 e5 8. e4 Re8 9. h3 exd4 10. Nxd4 Ne5 11. b3 Bd7 12. f4 Nc6 13. Nc2 Qc8 14. h4 Bh3 15. Qd3 Bxg2 16. Kxg2 a5 17. Rb1 Nb4 18. Nxb4 axb4 19. Na4 Nxe4 20. Bb2 Qg4 21. Bxg7 Kxg7 22. Rb2 f6 23. f5 gxf5 24. Rf4 Qg6 25. Qf3 Ra5 26. Kh2 h5 27. Rg2 Rae5 28. Nb2 Nc5 29. Nd1 Kf7 30. Rf2 Rg8 31. Ne3 Nd3 32. Nd5 Nxf2 33. Qxf2 Re2 0-1

[Event "Helsingor Xtracon op"]
[Site "Helsingor"]
[Date "2018.07.23"]
[Round "4"]
[White "Johansen, Oivind"]
[Black "Berg, Klaus"]
[Result "1/2-1/2"]
[WhiteElo "2105"]
[BlackElo "2322"]
[PlyCount "44"]
[EventDate "2018.07.21"]
[EventType "swiss"]
[EventRounds "10"]
[EventCountry "DEN"]
[SourceTitle "CBM 185 Extra"]
[Source "ChessBase"]
[SourceDate "2018.07.29"]
[SourceVersion "1"]
[SourceVersionDate "2018.07.29"]
[SourceQuality "1"]

1. d4 Nf6 2. c4 e6 3. Nc3 Bb4 4. Qc2 0-0 5. a3 Bxc3+ 6. Qxc3 d5 7. Bg5 dxc4 8. Qxc4 b6 9. Nf3 Ba6 10. Qa4 c5 11. dxc5 bxc5 12. g3 Qb6 13. b4 Nbd7 14. Bg2 Rac8 15. Nd2 cxb4 16. axb4 Qb5 17. Qxb5 Bxb5 18. 0-0 Rc7 19. Rfe1 Rb8 20. Nf3 e5 21. Bc1 a6 22. Bb2 Rc2 1/2-1/2

[Event "NOR-ch Master"]
[Site "Sarpsborg"]
[Date "2018.07.07"]
[Round "2"]
[White "Johansen, Oivind"]
[Black "Al Tarbosh, Ward"]
[Result "0-1"]
[WhiteElo "2105"]
[BlackElo "2283"]
[PlyCount "70"]
[EventDate "2018.07.07"]
[EventType "swiss"]
[EventRounds "9"]
[EventCountry "NOR"]
[SourceTitle "EXT 2024"]
[Source "ChessBase"]
[SourceDate "2023.10.10"]
[SourceVersion "1"]
[SourceVersionDate "2023.10.10"]
[SourceQuality "1"]

1. d4 d5 2. Nf3 Nf6 3. Bf4 c5 4. e3 Nc6 5. h3 Qb6 6. b3 Bf5 7. Bd3 Bxd3 8. Qxd3 e6 9. 0-0 Be7 10. c3 0-0 11. Nbd2 Rac8 12. Ne5 Nxe5 13. dxe5 Nd7 14. e4 Qc6 15. Qg3 Kh8 16. exd5 exd5 17. Rad1 Rfd8 18. Rfe1 Nf8 19. Qg4 Qg6 20. Qe2 Qc2 21. Rc1 Qf5 22. Bh2 Ne6 23. Rcd1 a6 24. Nf1 Bg5 25. g4 Qg6 26. Qf3 d4 27. cxd4 cxd4 28. Qxb7 Rc3 29. Qxa6 Rxh3 30. Ng3 Bf4 31. Kg2 Bxg3 32. Kxh3 Ng5+ 33. Kxg3 Qxa6 34. f4 Ne6 35. Rd2 Nxf4 0-1

[Event "Helsingor Xtracon op"]
[Site "Helsingor"]
[Date "2017.07.30"]
[Round "10"]
[White "Meyer, Juergen"]
[Black "Johansen, Oivind"]
[Result "1/2-1/2"]
[WhiteElo "1928"]
[BlackElo "2108"]
[PlyCount "31"]
[EventDate "2017.07.22"]
[EventType "swiss"]
[EventRounds "10"]
[EventCountry "DEN"]
[SourceTitle "CBM 179 Extra"]
[Source "ChessBase"]
[SourceDate "2017.08.23"]
[SourceVersion "1"]
[SourceVersionDate "2017.08.23"]
[SourceQuality "1"]

1. e4 d5 2. exd5 Qxd5 3. Nc3 Qa5 4. d4 Nf6 5. Bc4 c6 6. Nge2 e6 7. Bd2 Qc7 8. Bf4 Bd6 9. Qd2 0-0 10. 0-0 Nbd7 11. Bxd6 Qxd6 12. Qf4 Qe7 13. Qh4 Re8 14. a3 b6 15. Bd3 Bb7 16. Rae1 1/2-1/2

[Event "Helsingor Xtracon op"]
[Site "Helsingor"]
[Date "2017.07.28"]
[Round "8"]
[White "Risting, Eivind Olav"]
[Black "Johansen, Oivind"]
[Result "1-0"]
[WhiteElo "2307"]
[BlackElo "2108"]
[PlyCount "81"]
[EventDate "2017.07.22"]
[EventType "swiss"]
[EventRounds "10"]
[EventCountry "DEN"]
[SourceTitle "CBM 179 Extra"]
[Source "ChessBase"]
[SourceDate "2017.08.23"]
[SourceVersion "1"]
[SourceVersionDate "2017.08.23"]
[SourceQuality "1"]

1. e4 c5 2. Be2 Nc6 3. f4 d5 4. exd5 Qxd5 5. Nf3 g6 6. 0-0 Bg7 7. Nc3 Qd7 8. Bb5 a6 9. Bxc6 Qxc6 10. Qe2 Nf6 11. d3 0-0 12. Ne5 Qc7 13. a4 b6 14. Bd2 Bb7 15. Rae1 e6 16. b3 Rad8 17. Nc4 Rfe8 18. Kh1 Nd5 19. Ne4 Ne7 20. Ne5 f6 21. Ng4 Nd5 22. c4 f5 23. cxd5 fxe4 24. dxe4 exd5 25. e5 h5 26. f5 Bc8 27. Bg5 hxg4 28. f6 Be6 29. fxg7 Rc8 30. Bf6 Bf5 31. Qe3 Qd7 32. Qh6 Qe6 33. h3 g3 34. Rf4 Kf7 35. Qg5 d4 36. h4 d3 37. h5 d2 38. hxg6+ Bxg6 39. Ref1 Qxb3 40. Be7+ Kxg7 41. Qf6+ 1-0

[Event "Helsingor Xtracon op"]
[Site "Helsingor"]
[Date "2017.07.27"]
[Round "7"]
[White "Johansen, Oivind"]
[Black "Strachan, Christian C"]
[Result "1-0"]
[WhiteElo "2108"]
[BlackElo "1938"]
[PlyCount "67"]
[EventDate "2017.07.22"]
[EventType "swiss"]
[EventRounds "10"]
[EventCountry "DEN"]
[SourceTitle "CBM 179 Extra"]
[Source "ChessBase"]
[SourceDate "2017.08.23"]
[SourceVersion "1"]
[SourceVersionDate "2017.08.23"]
[SourceQuality "1"]

1. d4 d5 2. Nf3 c6 3. c4 Nf6 4. Nc3 a6 5. c5 Nbd7 6. Bf4 Nh5 7. Bd2 Nhf6 8. h3 g6 9. Bf4 Bg7 10. e3 0-0 11. Be2 Re8 12. 0-0 h6 13. b4 Nh5 14. Bh2 f5 15. Qc2 Nhf6 16. Nh4 Nf8 17. f3 e6 18. g3 g5 19. Ng2 Qe7 20. Bd3 h5 21. Rad1 N8d7 22. g4 hxg4 23. Bd6 Qd8 24. hxg4 Nf8 25. gxf5 exf5 26. Bxf5 Bxf5 27. Qxf5 Ne6 28. e4 Nh5 29. Ne2 Qd7 30. exd5 cxd5 31. Qxd5 Kh8 32. f4 Nhxf4 33. Nexf4 Nxf4 34. Nxf4 1-0

[Event "Helsingor Xtracon op"]
[Site "Helsingor"]
[Date "2017.07.24"]
[Round "4"]
[White "Sebastian, Andreas"]
[Black "Johansen, Oivind"]
[Result "0-1"]
[WhiteElo "1800"]
[BlackElo "2108"]
[PlyCount "92"]
[EventDate "2017.07.22"]
[EventType "swiss"]
[EventRounds "10"]
[EventCountry "DEN"]
[SourceTitle "CBM 179 Extra"]
[Source "ChessBase"]
[SourceDate "2017.08.23"]
[SourceVersion "1"]
[SourceVersionDate "2017.08.23"]
[SourceQuality "1"]

1. c4 Nf6 2. Nc3 c5 3. g3 d5 4. cxd5 Nxd5 5. Bg2 Nc7 6. Qa4+ Qd7 7. d3 e6 8. Nf3 Qxa4 9. Nxa4 Bd7 10. Ne5 Bxa4 11. Bxb7 Nd7 12. Bxa8 Nxa8 13. Nxd7 Kxd7 14. Be3 Be7 15. Rc1 Rc8 16. 0-0 Nb6 17. f3 Bb5 18. b3 Nd5 19. Bf2 Nb4 20. a3 Na6 21. Rc2 Bc6 22. d4 Bd5 23. Rb1 f5 24. dxc5 Bxc5 25. Bxc5 Rxc5 26. Rxc5 Nxc5 27. b4 Na4 28. Rc1 a6 29. Kf2 Nb6 30. g4 f4 31. Rd1 Kc6 32. Rc1+ Nc4 33. a4 Kb7 34. Rc2 Nb6 35. e3 fxe3+ 36. Kxe3 Nxa4 37. Kd4 Bxf3 38. Rf2 Bxg4 39. Rf7+ Kb6 40. Rxg7 Bf5 41. Kc4 Nb2+ 42. Kc3 Nd1+ 43. Kc4 Ne3+ 44. Kd4 Nd5 45. Kc4 Kc6 46. Ra7 Nc7 0-1

[Event "Helsingor Xtracon op"]
[Site "Helsingor"]
[Date "2017.07.23"]
[Round "3"]
[White "Johansen, Oivind"]
[Black "Jarve, Edvin"]
[Result "1-0"]
[WhiteElo "2108"]
[BlackElo "1843"]
[PlyCount "77"]
[EventDate "2017.07.22"]
[EventType "swiss"]
[EventRounds "10"]
[EventCountry "DEN"]
[SourceTitle "CBM 179 Extra"]
[Source "ChessBase"]
[SourceDate "2017.08.23"]
[SourceVersion "1"]
[SourceVersionDate "2017.08.23"]
[SourceQuality "1"]

1. d4 Nf6 2. c4 e6 3. Nc3 Bb4 4. e3 0-0 5. Bd3 c5 6. Nf3 d5 7. 0-0 dxc4 8. Bxc4 cxd4 9. exd4 b6 10. Qe2 Bb7 11. Bg5 Nbd7 12. Rac1 Rc8 13. Ne5 Qe7 14. Bb5 Qd6 15. Rfd1 Bxc3 16. bxc3 Nb8 17. Bd3 Nbd7 18. Nxd7 Nxd7 19. Qh5 f5 20. Qe2 Nf6 21. Re1 Rce8 22. Qe5 Qxe5 23. Rxe5 Ne4 24. Be3 Nd6 25. Bd2 Ne4 26. Be1 Kf7 27. Bc4 Kf6 28. f3 Nd6 29. Bb3 Nf7 30. Re2 e5 31. Bxf7 Rxf7 32. Bh4+ g5 33. dxe5+ Rxe5 34. Bxg5+ Ke6 35. Rxe5+ Kxe5 36. Be3 Kd5 37. c4+ Ke6 38. c5 Rc7 39. Re1 1-0

[Event "Helsingor Xtracon op"]
[Site "Helsingor"]
[Date "2016.07.28"]
[Round "7"]
[White "Haug, Johannes"]
[Black "Johansen, Oivind"]
[Result "1-0"]
[WhiteElo "2318"]
[BlackElo "2180"]
[PlyCount "101"]
[EventDate "2016.07.23"]
[EventType "swiss"]
[EventRounds "10"]
[EventCountry "DEN"]
[SourceTitle "CBM 173 Extra"]
[Source "ChessBase"]
[SourceDate "2016.08.29"]
[SourceVersion "1"]
[SourceVersionDate "2016.08.29"]
[SourceQuality "1"]

1. e4 d5 2. exd5 Qxd5 3. Nf3 Nf6 4. d4 Bg4 5. Be2 e6 6. h3 Bh5 7. 0-0 Be7 8. Bf4 c6 9. c4 Qd8 10. Nc3 Nbd7 11. d5 cxd5 12. cxd5 exd5 13. Nxd5 0-0 14. Nxe7+ Qxe7 15. Bd6 Qe4 16. Bxf8 Rxf8 17. Re1 Nb6 18. Nd2 Qh4 19. Bxh5 Nxh5 20. Qg4 Qxg4 21. hxg4 Nf4 22. b3 h6 23. Nc4 Nxc4 24. bxc4 Ne6 25. Rad1 Rc8 26. Rd7 Nc5 27. Rd5 Kf8 28. f3 Ne6 29. Rb1 b6 30. Rd7 Ra8 31. Kf2 Nc5 32. Rd5 Rc8 33. Re1 g6 34. Re2 Rc7 35. Rd8+ Kg7 36. Red2 g5 37. g3 a5 38. R8d6 Ne6 39. Rxb6 Rxc4 40. Rb3 a4 41. Rb5 Kg6 42. Ra5 h5 43. gxh5+ Kxh5 44. Ke3 Rc3+ 45. Rd3 Rc4 46. Ra3 Nc5 47. Kd2 Kg6 48. Rc3 Rd4+ 49. Ke3 Ne6 50. Rc6 Rb4 51. Rca6 1-0

[Event "Canarias en Red prel 4th"]
[Site "Playchess.com INT"]
[Date "2004.05.06"]
[Round "3"]
[White "Bonnaud, Remy"]
[Black "Johansen, Oivind"]
[Result "1/2-1/2"]
[WhiteElo "2199"]
[BlackElo "2237"]
[PlyCount "69"]
[EventDate "2004.05.06"]
[EventType "swiss (blitz)"]
[EventRounds "13"]
[EventCountry "GER"]
[SourceTitle "EXT 2005"]
[Source "ChessBase"]
[SourceDate "2004.11.15"]
[SourceVersion "1"]
[SourceVersionDate "2004.11.15"]
[SourceQuality "1"]

1. e4 d5 2. exd5 Qxd5 3. Nc3 Qa5 4. d4 c6 5. Bc4 Bf5 6. Bd2 Qb6 7. Nf3 e6 8. Qe2 Nf6 9. Bb3 Bd6 10. d5 cxd5 11. Nxd5 Nxd5 12. Bxd5 0-0 13. Bb3 Nc6 14. 0-0 Bg4 15. Qe4 Bxf3 16. Qxf3 Nd4 17. Qh3 Nxb3 18. axb3 Be5 19. Be3 Bd4 20. Bxd4 Qxd4 21. c3 Qd5 22. b4 Rfd8 23. Qe3 Qd2 24. Qc5 Rdc8 25. Qe7 Qxb2 26. Qxb7 Qxc3 27. Rxa7 Rxa7 28. Qxa7 Qxb4 29. g3 Qc5 30. Qd7 Qc6 31. Qd3 Qc4 32. Qd7 Qc7 33. Qd3 Qc4 34. Qd7 Qc7 35. Qd3 1/2-1/2

[Event "Canarias en Red prel 4th"]
[Site "Playchess.com INT"]
[Date "2004.05.06"]
[Round "1"]
[White "Johansen, Oivind"]
[Black "Fier, Alexandr"]
[Result "0-1"]
[WhiteElo "2237"]
[BlackElo "2258"]
[PlyCount "70"]
[EventDate "2004.05.06"]
[EventType "swiss (blitz)"]
[EventRounds "13"]
[EventCountry "GER"]
[SourceTitle "EXT 2005"]
[Source "ChessBase"]
[SourceDate "2004.11.15"]
[SourceVersion "1"]
[SourceVersionDate "2004.11.15"]
[SourceQuality "1"]

1. d4 Nf6 2. c4 c5 3. d5 e6 4. Nc3 exd5 5. cxd5 d6 6. e4 g6 7. Nf3 Bg7 8. Be2 0-0 9. 0-0 Re8 10. Qc2 Nbd7 11. h3 Nh5 12. Bg5 Bf6 13. Be3 Ne5 14. Nxe5 Bxe5 15. Bxh5 gxh5 16. f4 Bg7 17. Rae1 Rb8 18. e5 dxe5 19. f5 b5 20. Bxc5 b4 21. Ne4 Qxd5 22. f6 Bh6 23. Qf2 Ba6 24. Be3 Qxe4 25. Bxh6 Qg6 26. Be3 Bxf1 27. Rxf1 Re6 28. Bxa7 Rc8 29. Bc5 e4 30. Qd4 e3 31. Re1 e2 32. Bxb4 Re4 33. Qd7 Rb8 34. Bc3 Qg3 35. Qd3 Qxd3 0-1

[Event "NOR-chT east 0203"]
[Site "Norway"]
[Date "2003.02.08"]
[Round "6"]
[White "Johansen, Oivind"]
[Black "Ostenstad, Berge"]
[Result "0-1"]
[WhiteElo "2126"]
[BlackElo "2492"]
[PlyCount "36"]
[EventDate "2002.11.09"]
[EventType "team-swiss"]
[EventRounds "9"]
[EventCountry "NOR"]
[SourceTitle "EXT 2009"]
[Source "ChessBase"]
[SourceDate "2008.11.26"]
[SourceVersion "1"]
[SourceVersionDate "2008.11.26"]
[SourceQuality "1"]

1. d4 Nf6 2. c4 e6 3. Nc3 Bb4 4. Qc2 0-0 5. a3 Bxc3+ 6. Qxc3 b6 7. f3 d5 8. e3 Ba6 9. b3 Nbd7 10. Bd3 c5 11. cxd5 cxd4 12. Qxd4 e5 13. Qc3 Rc8 14. Qd2 Bxd3 15. Qxd3 Nc5 16. Qd1 Qxd5 17. Bd2 Rfd8 18. e4 Qxd2+ 0-1

[Event "OSS Club Ch Group Master"]
[Site "Oslo"]
[Date "2002.11.28"]
[Round "5"]
[White "Johansen, Oivind"]
[Black "Carlsen, Magnus"]
[Result "1-0"]
[WhiteElo "2247"]
[BlackElo "2250"]
[PlyCount "84"]
[EventDate "2002.09.26"]
[EventType "swiss"]
[EventRounds "6"]
[EventCountry "NOR"]
[SourceTitle "EXT 2023"]
[Source "ChessBase"]
[SourceDate "2022.10.05"]
[SourceVersion "1"]
[SourceVersionDate "2022.10.05"]
[SourceQuality "1"]

1. d4 Nf6 2. c4 e6 3. Nc3 Bb4 4. e3 b6 5. Bd3 Bb7 6. f3 c5 7. a3 Bxc3+ 8. bxc3 d6 9. Nh3 e5 10. d5 e4 11. Be2 Nbd7 12. f4 0-0 13. Qc2 b5 14. cxb5 Bxd5 15. c4 Be6 16. Nf2 Nb6 17. 0-0 a6 18. bxa6 Rxa6 19. a4 Qa8 20. Bb2 Ne8 21. a5 Nd7 22. Bc3 f5 23. h3 Nef6 24. Qd2 Qe8 25. Qd1 Qf7 26. Ra4 Rfa8 27. Qb3 Rb8 28. Qc2 Rba8 29. Qb3 R6a7 30. Rd1 d5 31. g4 fxg4 32. hxg4 Bxg4 33. Nxg4 Nxg4 34. Bxg4 Qg6 35. Rd2 h5 36. cxd5 hxg4 37. d6+ Qf7 38. Qxf7+ Kxf7 39. Rxe4 Nf6 40. Rc4 Re8 41. Bxf6 gxf6 42. Rxc5 Ke6 1-0

[Event "NOR-chT east 0203"]
[Site "Norway"]
[Date "2002.11.24"]
[Round "2"]
[White "Johansen, Oivind"]
[Black "Christenson, Flemming"]
[Result "0-1"]
[WhiteElo "2151"]
[BlackElo "2204"]
[PlyCount "92"]
[EventDate "2002.11.09"]
[EventType "team-swiss"]
[EventRounds "9"]
[EventCountry "NOR"]
[SourceTitle "EXT 2009"]
[Source "ChessBase"]
[SourceDate "2008.11.26"]
[SourceVersion "1"]
[SourceVersionDate "2008.11.26"]
[SourceQuality "1"]

1. d4 e6 2. c4 d5 3. Nc3 c6 4. Nf3 dxc4 5. e4 b5 6. a4 Bb4 7. Be2 a6 8. 0-0 Bb7 9. Qc2 Nd7 10. Be3 Ngf6 11. Rad1 Qc7 12. e5 Nd5 13. Ng5 Be7 14. Nge4 h6 15. Bc1 0-0 16. f4 c5 17. dxc5 Nxc5 18. axb5 axb5 19. Kh1 Qb6 20. Nxc5 Bxc5 21. Nxd5 Bxd5 22. Qc3 Rad8 23. Qg3 Be4 24. h3 Rxd1 25. Rxd1 Rd8 26. Rf1 Bd3 27. Qg4 Be3 28. Qf3 Bxc1 29. Rxc1 Bxe2 30. Qxe2 Qd4 31. Rf1 Qd3 32. Rf2 b4 33. Kh2 Kf8 34. Qxd3 Rxd3 35. Rc2 c3 36. bxc3 Rxc3 37. Ra2 b3 38. Ra4 Ke7 39. Rd4 b2 40. Rb4 Rc2 41. Kg3 Kd7 42. Kf3 Kc6 43. g3 Kc5 44. Rb7 Kd4 45. g4 Kd3 46. f5 Kd2 0-1

[Event "Cappelle op 11th"]
[Site "Cappelle la Grande"]
[Date "1995.??.??"]
[Round "9"]
[White "Birens, Eric Andre"]
[Black "Johansen, Oivind"]
[Result "0-1"]
[WhiteElo "2125"]
[BlackElo "2295"]
[PlyCount "220"]
[EventDate "1995.03.??"]
[EventType "swiss"]
[EventRounds "9"]
[EventCountry "FRA"]
[SourceTitle "EXT 1997"]
[Source "ChessBase"]
[SourceDate "1996.11.15"]
[SourceVersion "1"]
[SourceVersionDate "1996.11.15"]
[SourceQuality "1"]

1. d4 Nf6 2. c4 c5 3. d5 b5 4. cxb5 a6 5. b6 Qxb6 6. Nc3 d6 7. Nf3 g6 8. a4 Bg7 9. a5 Qb7 10. h3 Bd7 11. e4 0-0 12. Be2 Ne8 13. 0-0 Nc7 14. Ra3 Nb5 15. Rb3 Qc7 16. Bxb5 axb5 17. Nxb5 Qc8 18. Na3 Rxa5 19. Nc4 Rb5 20. Bg5 Qb7 21. Rxb5 Bxb5 22. b3 Na6 23. Re1 Nb4 24. e5 Bxc4 25. bxc4 dxe5 26. d6 f6 27. dxe7 Qxe7 28. Bh4 Rd8 29. Qa4 Qd7 30. Qa5 Rc8 31. Qb6 Qc6 32. Qxc6 Nxc6 33. Nd2 f5 34. f3 Rb8 35. Rb1 Rxb1+ 36. Nxb1 Na5 37. Na3 Kf7 38. Be1 Nb3 39. Kf2 Bh6 40. Bc3 Ke6 41. Nb5 Nd4 42. Nc7+ Kd6 43. Nd5 Bc1 44. Nf6 h6 45. g4 Bg5 46. Nd5 e4 47. fxe4 fxg4 48. hxg4 Ke5 49. Ba5 Kxe4 50. Nc7 Kd3 51. Ne8 Kxc4 52. Nd6+ Kd3 53. Nf7 Bf4 54. Nh8 c4 55. Nxg6 Be3+ 56. Kg3 Ke4 57. Ne7 Ne2+ 58. Kh3 c3 59. Bxc3 Nxc3 60. Nf5 Bg5 61. Kg3 Ne2+ 62. Kf2 Nf4 63. Kg3 Ng6 64. Nd6+ Kd5 65. Nf5 Ne5 66. Ng7 Ke4 67. Nf5 h5 68. Nd6+ Kd5 69. gxh5 Kxd6 70. Kg2 Kd5 71. Kh3 Ke4 72. h6 Bxh6 73. Kg3 Bg5 74. Kg2 Kf4 75. Kf2 Ng4+ 76. Kg2 Bh4 77. Kh3 Bg3 78. Kg2 Ne3+ 79. Kh3 Be1 80. Kh2 Kg4 81. Kh1 Kg3 82. Kg1 Bc3 83. Kh1 Nd1 84. Kg1 Nf2 85. Kf1 Nh3 86. Ke2 Kf4 87. Kf1 Ke3 88. Kg2 Nf2 89. Kf1 Kf3 90. Kg1 Bd4 91. Kf1 Ne4 92. Ke1 Bf2+ 93. Kd1 Ke3 94. Kc2 Be1 95. Kb3 Kd3 96. Ka4 Kc4 97. Ka3 Bc3 98. Ka4 Nc5+ 99. Ka3 Bb4+ 100. Kb2 Kd3 101. Kc1 Na4 102. Kd1 Nb2+ 103. Kc1 Kc3 104. Kb1 Kb3 105. Kc1 Be1 106. Kb1 Nd3 107. Ka1 Bd2 108. Kb1 Nb4 109. Ka1 Nc2+ 110. Kb1 Na3+ 0-1

[Event "Cappelle op 11th"]
[Site "Cappelle la Grande"]
[Date "1995.??.??"]
[Round "3"]
[White "Gurevich, Dmitry"]
[Black "Johansen, Oivind"]
[Result "1-0"]
[WhiteElo "2530"]
[BlackElo "2295"]
[PlyCount "49"]
[EventDate "1995.03.??"]
[EventType "swiss"]
[EventRounds "9"]
[EventCountry "FRA"]
[SourceTitle "EXT 1997"]
[Source "ChessBase"]
[SourceDate "1996.11.15"]
[SourceVersion "1"]
[SourceVersionDate "1996.11.15"]
[SourceQuality "1"]

1. d4 Nf6 2. c4 c5 3. Nf3 cxd4 4. Nxd4 d5 5. cxd5 Nxd5 6. e4 Nc7 7. Qa4+ Bd7 8. Qb3 e5 9. Nf5 Nc6 10. Bc4 Bb4+ 11. Nc3 0-0 12. 0-0 Bxf5 13. exf5 Qe7 14. Ne4 Nd4 15. Qh3 Kh8 16. a3 Ba5 17. b4 Bb6 18. a4 Ne8 19. Ba3 Nc6 20. f6 Nxf6 21. Nxf6 Qxf6 22. Bd3 g6 23. Bc2 Rac8 24. Be4 Bd4 25. Rac1 1-0

[Event "Cappelle op 11th"]
[Site "Cappelle la Grande"]
[Date "1995.??.??"]
[Round "1"]
[White "Naumkin, Igor"]
[Black "Johansen, Oivind"]
[Result "1-0"]
[WhiteElo "2500"]
[BlackElo "2295"]
[PlyCount "73"]
[EventDate "1995.03.??"]
[EventType "swiss"]
[EventRounds "9"]
[EventCountry "FRA"]
[SourceTitle "EXT 1997"]
[Source "ChessBase"]
[SourceDate "1996.11.15"]
[SourceVersion "1"]
[SourceVersionDate "1996.11.15"]
[SourceQuality "1"]

1. d4 Nf6 2. c4 c5 3. d5 b5 4. cxb5 a6 5. bxa6 g6 6. Nc3 Bxa6 7. Nf3 d6 8. e4 Bxf1 9. Kxf1 Bg7 10. g3 0-0 11. Kg2 Nbd7 12. h3 Qa5 13. Re1 Rfb8 14. e5 dxe5 15. Nxe5 Nxe5 16. Rxe5 Rb7 17. Qf3 Ne8 18. Re2 Nd6 19. g4 Rab8 20. Bf4 Rxb2 21. Rxe7 Qxc3 22. Bxd6 Qxf3+ 23. Kxf3 Rd8 24. Bc7 Rxd5 25. Re8+ Bf8 26. Bf4 g5 27. Be3 f5 28. gxf5 Rb4 29. a4 Rxf5+ 30. Kg2 Kf7 31. Ra8 Bg7 32. Ra2 Rb2 33. Rxb2 Bxb2 34. a5 c4 35. a6 Ra5 36. a7 c3 37. Rc8 1-0

[Event "Cappelle op 11th"]
[Site "Cappelle la Grande"]
[Date "1995.??.??"]
[Round "6"]
[White "Solozhenkin, Evgeniy"]
[Black "Johansen, Oivind"]
[Result "1-0"]
[WhiteElo "2480"]
[BlackElo "2295"]
[PlyCount "63"]
[EventDate "1995.03.??"]
[EventType "swiss"]
[EventRounds "9"]
[EventCountry "FRA"]
[SourceTitle "EXT 1997"]
[Source "ChessBase"]
[SourceDate "1996.11.15"]
[SourceVersion "1"]
[SourceVersionDate "1996.11.15"]
[SourceQuality "1"]

1. e4 d6 2. d4 Nf6 3. Nc3 g6 4. g3 Bg7 5. Bg2 0-0 6. Nge2 e5 7. h3 Nc6 8. Be3 exd4 9. Nxd4 Bd7 10. 0-0 Re8 11. Re1 Nxd4 12. Bxd4 c5 13. Be3 Bc6 14. Qd3 Qb6 15. b3 Rad8 16. Rad1 Rd7 17. Qd2 Qa5 18. Bg5 Nh5 19. Nd5 Qxd2 20. Rxd2 h6 21. Be3 Nf6 22. Nxf6+ Bxf6 23. Red1 Bxe4 24. Bxe4 Rxe4 25. Bxc5 Rc7 26. Bxa7 Be7 27. Be3 g5 28. c4 Rc6 29. Rd5 Kf8 30. Rb5 Rc7 31. Rdd5 Ke8 32. Rb6 1-0

[Event "NOR-chT east"]
[Site "Norway"]
[Date "1994.??.??"]
[Round "6"]
[White "Gronn, Atle"]
[Black "Johansen, Oivind"]
[Result "1-0"]
[WhiteElo "2320"]
[BlackElo "2310"]
[PlyCount "79"]
[EventDate "1994.??.??"]
[EventType "team"]
[EventRounds "9"]
[EventCountry "NOR"]
[SourceTitle "EXT 2000"]
[Source "ChessBase"]
[SourceDate "1999.11.16"]
[SourceVersion "1"]
[SourceVersionDate "1999.11.16"]
[SourceQuality "1"]

1. Nf3 Nf6 2. c4 g6 3. g3 Bg7 4. Bg2 0-0 5. d4 d6 6. 0-0 c6 7. Nc3 Re8 8. e4 Bg4 9. Be3 Nbd7 10. Qc2 Bxf3 11. Bxf3 e5 12. Rad1 Qc7 13. Be2 Nf8 14. d5 c5 15. a3 N8d7 16. b4 a6 17. Rb1 Rac8 18. Rfc1 Re7 19. Na4 b6 20. f3 Ree8 21. Rb2 Rb8 22. Rcb1 Rec8 23. bxc5 bxc5 24. Bd1 Bf8 25. Bd2 Be7 26. Qc3 Bd8 27. Kg2 Ne8 28. Bc2 Qa7 29. Qe3 Ng7 30. Rxb8 Rxb8 31. Rxb8 Qxb8 32. Qb3 Qa7 33. Nb2 Nb6 34. a4 Nc8 35. a5 Ne8 36. Qa4 Kf8 37. Qc6 Nc7 38. Qd7 Qb7 39. Bh6+ Kg8 40. Qxd8+ 1-0